000 00731nam a2200217 a 4500
001 000017195
005 20200929165038.0
008 100319s1978 dr 000 0 spa d
040 _aDO-SdBNP
_bspa
_cBNPHU
082 _axxx
_bA347c
100 1 _aAlcántara, Virgilio
_96466
245 1 0 _aCarta abierta sobre la educación /
_cVirgilio Alcántara.
260 _aSanto Domingo :
_bTaller,
_c1978.
300 _a16 p. ;
_c15 cm.
490 1 _aOrador invitado
_v2
490 1 _aPublicación del Instituto de Estudios Superiores
500 _aIncluye datos biográficos del autor en la contracubierta
830 0 _aOrador invitado
_n2
_937840
830 0 _aPublicación del Instituto de Estudios Superiores
_937841
049 _aBNPD
999 _c16721
_d16721